| 000 | 01517namaa22003251i 4500 | ||
|---|---|---|---|
| 005 | 20260405131050.0 | ||
| 008 | 260112s1997 ua a|||frm||| 000 0 eng d | ||
| 040 |
_aEG-GICUC _beng _cEG-GICUC _dEG-GICUC _erda |
||
| 041 | 0 |
_aspa _bspa _beng |
|
| 049 | _aDeposit | ||
| 097 | _aM.A | ||
| 099 | _aCai01.02.16.M.A.1997.Ab.A. | ||
| 100 | 0 |
_aAbir Mohmmad Abdel Hafez, _epreparation. |
|
| 245 | 1 | 0 |
_aEl Autobiografismo En La Narracion De Isabel Allende En Su Obra: _bLa Casa De Los Espiritus / _cBy Abir Mohmmad Abdel Hafez; Supervision Prof. Dr. Mahmoud EL Sayed Ali, Prof. Dr. Mohammad Abol Ata Abdel Rauf. |
| 246 | 1 | 5 |
_aظاهرة السيرة الذاتية في السرد عند إيزابيل أليندي : _bفي روايه منزل الأرواح / |
| 246 | 1 | 5 |
_aAutobiographical Elements in Isabel Allende's Narrative in Her Work : _bThe House of the Spirits / |
| 264 | 0 | _c1997. | |
| 300 |
_a213 pages : _billustrations ; _c25 cm. + |
||
| 336 |
_2rda content _atext |
||
| 337 |
_2rdamedia _aUnmediated |
||
| 338 |
_2rdacarrier _avolume |
||
| 502 | _aThesis (M.A.)-Cairo University, 1997. | ||
| 504 | _aBibliography: pages 211-213. | ||
| 653 | 0 | _aNovels | |
| 700 | 0 |
_aMahmoud EL Sayed Ali _ethesis advisor. |
|
| 700 | 0 |
_aMohammad Abol Ata Abdel Rauf _eReviewer. |
|
| 900 |
_DDepartment Of Hispanic Language and Literature / Spanish _FFaculty of Arts _UCairo University _b1997 _cMahmoud EL Sayed Ali _cMohammad Abol Ata Abdel Rauf |
||
| 905 |
_aEman El gebaly _eNourhan |
||
| 942 |
_2ddc _cTH _e21 _n0 |
||
| 999 | _c177607 | ||